Manuel de droit civil conforme au nouveau programme des facultés de droit

Guardat en:
Dades bibliogràfiques
Autor principal: Voirin, Pierre (Autor)
Format: Llibre
Idioma:francès
Publicat: París Librairie Générale de Droit et de Jurisprudence 1968
Edició:16a. ed
Matèries:
Etiquetes: Afegir etiqueta
Sense etiquetes, Sigues el primer a etiquetar aquest registre!

MARC

LEADER 00000nam a2200000 a 4500
001 UCS1271
003 CL-VaPUC
008 970509e19680000FR |||||||||||||||||fre|d
082 0 4 |a 346.44  |b VOI  |2 21 
100 0 |a Voirin, Pierre  |e author  |9 385589 
245 1 0 |a Manuel de droit civil conforme au nouveau programme des facultés de droit 
250 |a 16a. ed 
300 |a v 
942 |c BK 
945 |d 19970509 00:00:00  |a paguirre 
260 |a París  |b Librairie Générale de Droit et de Jurisprudence  |c 1968 
650 0 |a Derecho civil  |9 255013 
650 7 |a PERSONA  |2 CL-VaPUC  |9 327934 
650 7 |a ESTADO CIVIL  |2 CL-VaPUC  |9 385590 
650 0 |a Derecho de familia  |9 255603 
650 0 |a Filiación  |9 256647 
650 0 |a Familias   |9 255641 
650 0 |a Propiedad   |9 255268 
650 0 |a Posesión   |9 258681 
650 0 |a Usufructo  |9 256763 
583 |a last modification  |c 19970509 00:00:00  |k Rodrigo Vera 
999 |c 259370  |d 259368 
952 |0 0  |1 0  |4 0  |6 346_440000000000000_VOI_1968  |7 0  |8 P  |9 284071  |a BIBDER  |b BIBDER  |d 2019-11-19  |h v.1  |i 1843443  |o 346.44 VOI 1968  |p 1843443  |r 2023-01-25  |w 2019-11-19  |y BK  |k DER